Celebrate Diwali / (Record no. 717)

MARC details
000 -LEADER
fixed length control field 01117cam a22003134a 4500
005 - DATE AND TIME OF LATEST TRANSACTION
control field 20260322212031.0
008 - FIXED-LENGTH DATA ELEMENTS--GENERAL INFORMATION
fixed length control field data
010 ## - LIBRARY OF CONGRESS CONTROL NUMBER
LC control number 2006003426
020 ## - INTERNATIONAL STANDARD BOOK NUMBER
International Standard Book Number 079225922X (hardcover)
020 ## - INTERNATIONAL STANDARD BOOK NUMBER
International Standard Book Number 0792259238 (library binding)
020 ## - INTERNATIONAL STANDARD BOOK NUMBER
International Standard Book Number 9780792259220 (hardcover)
020 ## - INTERNATIONAL STANDARD BOOK NUMBER
International Standard Book Number 9780792259237 (library binding)
040 ## - CATALOGING SOURCE
Original cataloging agency DLC
Transcribing agency DLC
Modifying agency DLC
042 ## - AUTHENTICATION CODE
Authentication code pcc
050 00 - LIBRARY OF CONGRESS CALL NUMBER
Classification number BL1239.82.D58
Item number H45 2006
082 00 - DEWEY DECIMAL CLASSIFICATION NUMBER
Classification number 294.5/36
Edition information 22
092 ## - LOCALLY ASSIGNED DEWEY CALL NUMBER (OCLC)
Classification number 294.5 H45 2006
001 - CONTROL NUMBER
control field data
100 1# - MAIN ENTRY--PERSONAL NAME
Personal name Heiligman, Deborah.
245 10 - TITLE STATEMENT
Title Celebrate Diwali /
Statement of responsibility, etc. Deborah Heiligman & Vasudha Narayanan.
260 ## - PUBLICATION, DISTRIBUTION, ETC.
Place of publication, distribution, etc. Washington, D.C. :
Name of publisher, distributor, etc. National Geographic,
Date of publication, distribution, etc. c2006.
300 ## - PHYSICAL DESCRIPTION
Extent 32 p. :
Other physical details col. ill., maps ;
Dimensions 27 cm.
490 1# - SERIES STATEMENT
Series statement Holidays around the world
650 #0 - SUBJECT ADDED ENTRY--TOPICAL TERM
Topical term or geographic name entry element Divali
Form subdivision Juvenile literature.
700 1# - ADDED ENTRY--PERSONAL NAME
Personal name Narayanan, Vasudha.
830 #0 - SERIES ADDED ENTRY--UNIFORM TITLE
Uniform title Holidays around the world (National Geographic Society (U.S.))
856 42 - ELECTRONIC LOCATION AND ACCESS
Materials specified Contributor biographical information
Uniform Resource Identifier <a href="http://www.loc.gov/catdir/enhancements/fy0643/2006003426-b.html">http://www.loc.gov/catdir/enhancements/fy0643/2006003426-b.html</a>
856 42 - ELECTRONIC LOCATION AND ACCESS
Materials specified Publisher description
Uniform Resource Identifier <a href="http://www.loc.gov/catdir/enhancements/fy0643/2006003426-d.html">http://www.loc.gov/catdir/enhancements/fy0643/2006003426-d.html</a>
Holdings
Withdrawn status Lost status Damaged status Not for loan Home library Current library Shelving location Date acquired Total checkouts Full call number Barcode Date last seen Price effective from Koha item type
        Franklin Franklin General stacks 22/03/2026   294.5/36 22 BC0010734 22/03/2026 22/03/2026 Books